| 000 -LEADER | |
|---|---|
| fixed length control field | 00419nam a22001697a 4500 |
| 005 - DATE AND TIME OF LATEST TRANSACTION | |
| control field | 20230112112647.0 |
| 008 - FIXED-LENGTH DATA ELEMENTS--GENERAL INFORMATION | |
| fixed length control field | 210317b ||||| |||| 00| 0 eng d |
| 020 ## - INTERNATIONAL STANDARD BOOK NUMBER | |
| ISBN | 81-239-0787-7 |
| 041 ## - LANGUAGE CODE | |
| Language code of text/sound track or separate title | eng |
| 082 ## - DEWEY DECIMAL CLASSIFICATION NUMBER | |
| Classification number | 615.19 |
| 100 ## - MAIN ENTRY--AUTHOR NAME | |
| Personal name | GAUD, R.S AND GUPTA, G.D. |
| 245 ## - TITLE STATEMENT | |
| Title | PRACTICAL PHARMACEUTICS |
| 260 ## - PUBLICATION, DISTRIBUTION, ETC. (IMPRINT) | |
| Place of publication | NEW DELHI |
| Name of publisher | C.B.S.PVT.LTD |
| 300 ## - PHYSICAL DESCRIPTION | |
| Number of Pages | 306,p |
| 650 ## - SUBJECT ADDED ENTRY--TOPICAL TERM | |
| Topical Term | PHARMACY |
| General subdivision | B.PHARMA |
| 942 ## - ADDED ENTRY ELEMENTS (KOHA) | |
| Koha item type | Books |
| Lost status | Damaged status | Collection code | Home library | Current library | Shelving location | Date acquired | Source of acquisition | Cost, normal purchase price | Full call number | Accession Number | Koha item type |
|---|---|---|---|---|---|---|---|---|---|---|---|
| Reference | JRU Library | JRU Library | SHELF-4-B | 17/03/2021 | PURCHES | 370.00 | 615.19 | 25765 | Books | ||
| PHARMACY | JRU Library | JRU Library | Shelf - 24- A | 17/03/2021 | PURCHES | 370.00 | 615.19 | 25766 | Books | ||
| PHARMACY | JRU Library | JRU Library | Shelf - 27- A | 08/02/2022 | PURCHASE | 395.00 | 615.19 | 25974 | Books | ||
| PHARMACY | JRU Library | JRU Library | Shelf - 27- A | 08/02/2022 | PURCHASE | 395.00 | 615.19 | 25975 | Books |